000 00320nam a22001337a 4500
008 170403b xxu||||| |||| 00| 0 eng d
020 _a9264132511
041 _aeng
080 _a574
100 _a9
101 _aSHM
245 _aECONOMIC INSTRUMENTS FOR ENVIRONMENTAL PROTECTION
_cOPSCHOOR, J.B
942 _2udc
_cBK
999 _c9514
_d9514